| 000 | 00541nam a2200193Ia 4500 | ||
|---|---|---|---|
| 003 | OSt | ||
| 005 | 20220926040503.0 | ||
| 006 | a|||||r|||| 00| 0 | ||
| 007 | ta | ||
| 008 | 220923b |||||||| |||| 00| 0 eng d | ||
| 037 | _cGeneral Book | ||
| 040 |
_aRTL _cRTL _beng |
||
| 041 |
_2eng _aeng |
||
| 082 | _aY:3217.53.N5<--M, K1 | ||
| 100 |
_aCamp Wesley D _9343714 |
||
| 245 | 0 | _aMarriage and the family in France since the revolu | |
| 942 |
_hY:3217.53.N5<--M, K1 _cGB _2CC |
||
| 999 |
_c664914 _d664914 |
||